| 000 | 01966cam a2200373 i 4500 | ||
|---|---|---|---|
| 001 | 19393613 | ||
| 005 | 20250821104750.0 | ||
| 008 | 161202s2018 nyu 001 0 eng | ||
| 010 | _a 2016054568 | ||
| 020 | _a9781292213316 | ||
| 035 | _a19393613 | ||
| 040 |
_aDLC _beng _cDLC _erda _dDLC |
||
| 042 | _apcc | ||
| 050 | 0 | 0 |
_aHB172 _b.P53 2018 |
| 082 | 0 | 0 |
_a338.5 _bPIN |
| 100 | 1 |
_aPindyck, Robert S., _eauthor. _9130376 |
|
| 245 | 1 | 0 |
_aMicroeconomics / _cRobert S. Pindyck, Massachusetts Institute of Technology, Daniel L. Rubinfeld, University of California, Berkeley. |
| 250 | _aNinth edition. | ||
| 264 | 1 |
_aNY, NY : _bPearson, _c[2018] |
|
| 300 |
_axxii, 759 pages ; _c27 cm |
||
| 336 |
_atext _btxt _2rdacontent |
||
| 337 |
_aunmediated _bn _2rdamedia |
||
| 338 |
_avolume _bnc _2rdacarrier |
||
| 500 | _aRevised edition of the authors' Microeconomics, c2013. | ||
| 500 | _aIncludes index. | ||
| 520 | _aMicroeconomics, Global Edition (9th Edition) by Robert Pindyck and Daniel Rubinfeld is a contemporary intermediate-level microeconomics textbook published by Pearson (International). It offers a clear, accessible, and engaging introduction to microeconomic theory and its practical applications, emphasizing topics like game theory, competitive strategy, uncertainty, information economics, and market power. The text empowers students to understand how microeconomic tools can inform real-world business decisions and public policy, enhanced with global examples and updated analyses for modern economic contexts. | ||
| 546 | _aIn English | ||
| 650 | 0 | _aMicroeconomics. | |
| 700 | 1 |
_aRubinfeld, Daniel L., _eauthor. _9130377 |
|
| 906 |
_a7 _bcbc _corignew _d1 _eecip _f20 _gy-gencatlg |
||
| 942 |
_2ddc _cBK |
||
| 999 |
_c614545 _d614545 |
||